000 00623nam a22002177a 4500
003 OSt
005 20250826024213.0
008 250826b |||||||| |||| 00| 0 eng d
020 _a978-0-07-110210-0.
040 _aDWC-Main Lib.
_cOC
082 _28th ed.
100 _aSEELEY, ROD R.
245 _aAnatomy and physiology/
_cSEELEY, ROD R.
260 _aBoston :
_bMcGraw-Hill,
_cc2008.
300 _axxi, (various paging) :
_bcol. ill. ;
_c27cm.
650 _a1. Human anatomy.
650 _a2. Physiology.
700 _aSTEPHENS, TRENT D.
700 _aTATE, PHILIP
942 _2ddc
_cBK-CIRC
_e8th ed.
_hCirc.
_n0
999 _c4238
_d4238